De la apertura a la crisis financiera.Un análisis de la experiencia argentina de 1977-1982. (Registro nro. 15113)

Detalles MARC
000 -LEADER
fixed length control field 00367 a2200109 4500
001 - CONTROL NUMBER
control field ART_17810
005 - DATE AND TIME OF LATEST TRANSACTION
control field 20260410161700.0
008 - FIXED-LENGTH DATA ELEMENTS--GENERAL INFORMATION
fixed length control field 260409a
100 1# - MAIN ENTRY--PERSONAL NAME
Personal name Frenkel, Roberto
245 10 - TITLE STATEMENT
Title De la apertura a la crisis financiera.Un análisis de la experiencia argentina de 1977-1982.
773 0# - HOST ITEM ENTRY
Title Ensayos Económicos
Related parts - Nº 37 (mar. 1987)
Record control number REV620

No hay ítems disponibles.